<The> lost decades - stagnation of the Japanese economy diplomová práca

Guardado en:
Detalles Bibliográficos
Autor principal: Gerhardtová, Bernadett
Autor Corporativo: Ekonomická univerzita v Bratislave. Ústav medzinárodných programov
Otros Autores: Dudáš, Tomáš, 1976-
Formato: Libro
Lenguaje:inglés
Publicado: Bratislava 2012
Etiquetas: Agregar Etiqueta
Sin Etiquetas, Sea el primero en etiquetar este registro!

MARC

LEADER 00000nam$a2200000$$$4500
001 0157621
005 20240318114501.5
041 0 |a eng 
044 |a SK 
245 1 0 |a <The> lost decades - stagnation of the Japanese economy  |b diplomová práca  |c Bernadett Gerhardtová ; školiteľ: Tomáš Dudáš 
264 1 |a Bratislava  |c 2012 
300 |a 89 s. 
100 1 |a Gerhardtová, Bernadett 
700 1 |a Dudáš, Tomáš, 1976- 
710 2 |a Ekonomická univerzita v Bratislave. Ústav medzinárodných programov